00349nam a22001217a 4500003000400000008004100004020001800045100002800063245006400091260003700155300001000192650002500202OSt250212b |||||||| |||| 00| 0 eng d a9789348140906 aMISHRA, Akhilesh Kumar  aCross Domain Management : Strategies That Work Everywhere  aNew Delhi,bNaples India;c2024. a204p. aFaculty Publication